[Event "2nd Sharjah Masters 2018"]
[Site "Sharjah"]
[Date "2018.04.13"]
[Round "2"]
[White "Sadhwani, Raunak"]
[Black "Kovalev, Vladislav"]
[Result "0-1"]
[WhiteElo "2358"]
[BlackElo "2648"]
[Annotator "TA"]
[PlyCount "142"]
[EventDate "2018.??.??"]
[EventType "swiss"]
[EventCountry "UAE"]
[SourceTitle "playchess.com"]
[Source "ChessBase"]
[SourceQuality "1"]

{[%evp 27,142,10,10,11,26,20,27,20,36,32,31,-22,0,-40,16,30,12,18,20,0,0,-17,0,-27,-30,-35,-27,-60,-58,-50,-38,-91,-36,-127,-147,-135,-104,-194,-195,-252,-247,-245,-252,-253,-247,-522,-510,-472,-483,-452,-452,-453,-163,-94,0,0,199,-117,-109,-160,-123,-271,-271,-204,-178,-145,0,0,0,0,0,0,0,0,0,0,0,0,0,0,0,0,0,0,0,-8,-8,-8,-8,-27,-20,-128,-28,-29,-30,-30,-43,-67,-48,-189,-189,-450,-450,-387,-252,-2075,-1824,-1253,-1084,-29942,-11024,-29979,-29973,-29983,-29984,-29988,-29989]} 1. e4 e5 2. Nf3 Nc6 3. Bb5 a6 4. Ba4 Nf6 5. O-O Be7 6. Re1 b5 7. Bb3 d6 8. c3 O-O 9. h3 Na5 10. Bc2 c5 11. d4 Nd7 12. d5 Nb6 {C96: Closed Ruy Lopez: Chigorin Defence: 11 d4, replies other than 11...Qc7} 13. Nbd2 g6 (13... Bd7 14. Nf1 Nb7 15. b3 a5 16. Rb1 c4 17. bxc4 Nxc4 18. a4 Qc7 19. axb5 Nb6 20. Be3 {0-1 (58) Hou,Y (2680)-Caruana,F (2811) Wijk aan Zee 2018}) 14. Nf1 f5 {LiveBook: 4 Games. The position is equal.} 15. Bh6 {[#]} Rf6 $146 ({Find the theoretical novelty and annotate with similar games:} 15... Rf7 16. b3 f4 17. Qe2 Bf6 18. N1h2 Nb7 19. Reb1 b4 20. cxb4 cxb4 {½-½ (51) Gonzalez,B (2522)-Kreuzer,M (2627) ICCF email 2010}) 16. b3 {[%cal Bb2b3,Bb3b4][%mdl 32]} Bd7 17. Qe2 c4 18. b4 Nb7 $1 19. a3 (19. a4 $14) 19... a5 20. Rec1 Qc7 ({Better is} 20... f4 $15) 21. Bg5 $11 {With the idea exf5.} Rf7 22. Bxe7 Rxe7 23. exf5 gxf5 24. Nh4 f4 25. Be4 Rg7 26. Kh2 $1 Qd8 27. Nf5 Bxf5 28. Bxf5 Kh8 29. Be6 (29. Be4 $15) 29... Qg5 (29... axb4 $6 30. axb4 Qe7 31. Rxa8+ Nxa8 32. Rd1 $11) (29... Qe7 $17) 30. Qe4 (30. g4 $1 $15) 30... Nd8 $17 {[%cal Bb7d8,Bd8f7,Bf7g5,Bg5h3][%mdl 32]} 31. Bg4 Nf7 $36 {[%mdl 2048] Black has strong initiative.} 32. Nd2 (32. bxa5 $17 Rxa5 33. Nd2) 32... Qh4 $1 $19 33. Qe2 (33. bxa5 $142 Ng5 34. Qc2 Rxa5 35. Nf3 Nxf3+ 36. Bxf3) 33... Rag8 ({Not} 33... Nxd5 34. Bf3 $11) 34. Bf3 Ng5 35. Rg1 Na4 36. Rac1 $2 {[#]} (36. Ne4 Nxe4 37. Qxe4 Qxf2 38. Rac1) 36... Nxh3 $1 {[%mdl 512]} 37. gxh3 {[#]} Nxc3 $1 {[%mdl 512]} 38. Rxc3 Rxg1 39. Ne4 axb4 $2 (39... Qh5 40. Rc2 Qg6) 40. axb4 {[#]} Qe7 (40... Qh5 $1 $17 {[%mdl 512]} 41. Rc2 (41. Bxh5 R8g2#) 41... Qg6) 41. Ra3 $11 h5 $2 (41... R1g6 $11 42. Ra1 Qg7) 42. Bh1 $2 (42. Bg4 $1 $18) 42... Qh7 $17 43. Qf3 (43. h4 $142) 43... Qg6 {[#] aiming for ...Re1.} 44. Nxd6 $1 {[%mdl 512] [#]} Rxh1+ $1 $19 {[%mdl 512]} (44... Qxd6 45. Qxh5+) 45. Qxh1 {Hoping for Ne4.} Qxd6 $17 {[%mdl 4096] Endgame KQR-KQR} 46. Qe4 Qe7 (46... Qg6 $1 $17 {[%cal Rg6g1] ( -> ...Qg1#)} 47. Qxg6 (47. Qxe5+ $2 Rg7 $19) 47... Rxg6) 47. Ra1 $11 c3 48. Qf5 Qg5 49. Qxg5 Rxg5 {KR-KR} 50. d6 {Strongly threatening Ra8+.} Rg8 51. Rc1 Rd8 52. Rxc3 Kg7 53. Rc6 Kf7 54. Rb6 Ke6 {[#]} 55. d7+ $1 {[%mdl 512]} Kxd7 56. Rxb5 Ke6 57. Kg2 Kf5 58. Rb7 Ke4 59. Rc7 {[#]} (59. Ra7 $1 $11 {remains equal.}) 59... Rg8+ ({Black should play} 59... f3+ $1 $17 60. Kh1 Rd2) 60. Kf1 Rb8 61. Rc4+ Kd3 62. Rc5 Kd4 ({Don't play} 62... Rxb4 $6 63. Rxe5 h4 64. Kg2 $14) 63. Rc7 ({White should try} 63. Ra5 $15) 63... Rxb4 $19 64. Kg2 $2 {[#]} (64. f3) 64... e4 $1 65. Rd7+ Kc3 66. Rf7 $2 (66. Kf1) 66... f3+ 67. Kg3 Kd3 68. h4 Rb1 69. Rd7+ Ke2 {Black mates.} 70. Re7 Rg1+ 71. Kh2 Rg4 {Precision: White = 36%, Black = 64%.} 0-1

[Event "2nd Sharjah Masters 2018"]
[Site "Sharjah"]
[Date "2018.04.13"]
[Round "2"]
[White "Kowsarinia, Amir"]
[Black "Sethuraman, S P"]
[Result "0-1"]
[WhiteElo "2316"]
[BlackElo "2631"]
[Annotator "TA"]
[PlyCount "92"]
[EventDate "2018.??.??"]
[EventType "swiss"]
[EventCountry "UAE"]
[SourceTitle "playchess.com"]
[Source "ChessBase"]
[SourceQuality "1"]

{[%evp 24,92,47,44,52,0,32,45,49,47,57,60,52,10,9,3,17,20,18,0,2,7,0,0,-1,-4,0,0,30,0,7,0,0,-65,-60,-67,-34,-44,-10,-76,-47,-117,-34,-47,-28,-133,-143,-130,-137,-204,-210,-209,-216,-216,-201,-202,-198,-210,-194,-170,-108,-775,-785,-732,-730,-1302,-1203,-7621,-11802,-6444,-6380]} 1. d4 d6 2. Nf3 Nf6 3. g3 g6 4. Bg2 Bg7 5. O-O O-O 6. c4 Nbd7 7. Nc3 e5 8. e4 exd4 9. Nxd4 Re8 10. b3 Nc5 11. f3 a5 12. Be3 c6 13. Qd2 {LiveBook: 5 Games. E68: King's Indian: Fianchetto: 6...Nbd7 7 0-0 e5 8 e4} a4 {[#]} 14. Rad1 $146 (14. b4 $14) ({Predecessor:} 14. Rab1 axb3 15. axb3 Nfd7 16. Rfd1 Ne5 17. Nde2 Ne6 18. h3 f5 19. Qxd6 Qa5 20. Qd2 Qb4 {1-0 (57) Harutyunian,T (2513)-Harutjunyan,G (2454) Yerevan 2017}) 14... Qa5 15. Rb1 {And now b4 would win.White is slightly better.} axb3 16. axb3 {aiming for b4.} Qc7 17. Rfd1 Nfd7 18. Nde2 Ra3 19. b4 ({Of course not} 19. Qxd6 Qxd6 20. Rxd6 Nxb3 $17) 19... Na4 20. Nxa4 Rxa4 21. Qc2 Ra3 22. Qc1 Ra8 23. Kh1 Ne5 24. f4 Ng4 25. Bg1 $1 f5 26. Nc3 Nf6 {[%cal Rf6e4]} 27. c5 fxe4 {...d5 is the strong threat.} 28. Rxd6 (28. cxd6 $11 Qf7 29. b5) 28... Bf5 $1 $15 29. Be3 Qf7 30. h3 h5 31. Qd2 (31. b5 $11 {remains equal.}) 31... Ra3 32. Rc1 (32. b5 $15) 32... Rb3 (32... Rea8 $17 33. Rd8+ Rxd8 34. Qxd8+ Kh7) 33. b5 cxb5 {[%cal Bc6b5,Bb5b4][%mdl 32]} 34. Bf1 (34. Nxb5 $11 Nd5 35. Rxd5 Rxb5 36. Rd6) 34... b4 $36 {[%mdl 2048] Black is on the roll.} 35. Nb5 {[#] Black must now prevent Bc4.} Rd3 $1 {[%cal Rd3d2][%mdl 512]} 36. Rxd3 (36. Qxb4 $17 Bxh3 37. Bxh3 Rxe3 38. Rg1) 36... exd3 $19 37. Nd6 Ne4 38. Nxf7 Nxd2 39. Bxd2 {Strongly threatening Nd6.} Kxf7 40. Bxb4 Be4+ 41. Bg2 Bc6 (41... Bxg2+ $19 42. Kxg2 Re4) 42. Re1 $2 {[%mdl 8192]} (42. Rd1 $17) 42... Rxe1+ {Black is clearly winning.} 43. Bxe1 Bd4 44. Bxc6 bxc6 45. Kg2 Be3 46. Kf3 d2 {Precision: White = 38%, Black = 57%.} 0-1

[Event "2nd Sharjah Masters 2018"]
[Site "Sharjah"]
[Date "2018.04.13"]
[Round "2"]
[White "Dhulipalla Bala Chandra Prasa"]
[Black "Jumabayev, Rinat"]
[Result "0-1"]
[WhiteElo "2294"]
[BlackElo "2612"]
[Annotator "TA"]
[PlyCount "70"]
[EventDate "2018.??.??"]
[EventType "swiss"]
[EventCountry "UAE"]
[SourceTitle "playchess.com"]
[Source "ChessBase"]
[SourceQuality "1"]

{[%evp 29,70,0,18,10,10,10,15,18,14,0,0,0,0,-15,-14,-61,-20,-101,-68,-64,-29,-26,-26,-103,-108,-107,-110,-166,-171,-219,-197,-292,-292,-529,-492,-642,-642,-709,-709,-1631,-1497,-1562,-1247]} 1. d4 Nf6 2. c4 e6 3. g3 c5 4. d5 exd5 5. cxd5 d6 6. Bg2 g6 7. Nf3 Bg7 8. O-O O-O 9. Nc3 Re8 10. Bf4 Ne4 11. Nxe4 Rxe4 12. Nd2 {A62: Modern Benoni: Fianchetto Variation without early ...Nbd7} Rxf4 13. gxf4 Bxb2 14. Rb1 Bg7 {[%cal Bb2g7,Bg7h6,Bh6f4][%mdl 32]} 15. e4 Bh6 {LiveBook: 3 Games} (15... Nd7 16. Qf3 b5 17. Rfe1 c4 18. e5 dxe5 19. Rxb5 Ba6 {1-0 (50) Matlakov,M (2684)-Bologan,V (2654) Poikovsky 2016}) 16. e5 Bxf4 17. e6 $1 fxe6 18. dxe6 Nc6 19. Re1 Ne5 20. Nc4 $146 Bxe6 ({But not} 20... Nxc4 $2 21. e7 $18) 21. Nxe5 Bxe5 22. Rxb7 {Strongly threatening Bd5.} Qf6 ({Wrong is} 22... Bxa2 $2 23. Bd5+ Kh8 24. Bxa2 $18) 23. Rb3 (23. Bd5 $11 {keeps the balance.}) 23... Rc8 $36 {[%mdl 2048] Black is pushing.} 24. Bd5 c4 {[%cal Bc5c4,Bc4c3][%mdl 32]} 25. Rf3 Qe7 26. Rfe3 {[#]} (26. Ra3 $1 $11 {remains equal.} Bf7 27. f4 Bd4+ 28. Kf1) 26... Bxd5 $1 $17 27. Qxd5+ Qf7 28. Qe4 (28. Qxf7+ $17 {keeps fighting.} Kxf7 29. Kf1) 28... c3 $19 29. R3e2 Rc4 30. Qg2 (30. Qd3 {was forced.}) 30... Kg7 31. h3 $2 (31. Qh3) 31... Qf5 {Black is clearly winning.} 32. Rc1 {[#]} d5 $1 {[%cal Bd6d5,Bd5d4][%mdl 544]} 33. Rce1 (33. Qxd5 Bh2+) 33... Bf6 34. f3 d4 35. Qf1 Rc7 {Precision: White = 20%, Black = 82%.} 0-1

[Event "2nd Sharjah Masters 2018"]
[Site "Sharjah"]
[Date "2018.04.13"]
[Round "2"]
[White "Srija, Seshadri"]
[Black "Petrosian, Tigran L"]
[Result "0-1"]
[WhiteElo "2264"]
[BlackElo "2609"]
[Annotator "TA"]
[PlyCount "92"]
[EventDate "2018.??.??"]
[EventType "swiss"]
[EventCountry "UAE"]
[SourceTitle "playchess.com"]
[Source "ChessBase"]
[SourceQuality "1"]

{[%evp 22,92,31,49,43,43,47,7,66,43,47,39,38,40,110,41,66,37,29,31,50,-104,-92,-147,-152,-139,-143,-145,-143,-156,-125,-161,-153,-162,-171,-227,-217,-300,-181,-241,-185,-206,-199,-270,-260,-337,-266,-288,-270,-444,-444,-545,-515,-566,-562,-812,-813,-813,-813,-914,-914,-1930,-1587,-5932,-5870,-6474,-5932,-29975,-29975,-29977,-29980,-12847,-7476]} 1. e4 g6 2. d4 Bg7 3. Nc3 d6 4. f4 Nf6 5. Nf3 O-O 6. Bd3 Na6 7. O-O c5 8. d5 Rb8 9. Kh1 Bg4 10. h3 {B09: Pirc Defence: Austrian Attack} Bxf3 11. Rxf3 Nc7 12. a4 {LiveBook: 13 Games. White is slightly better.} e6 (12... b6 13. Nb5 Rb7 14. Qe2 Nfe8 15. c3 a6 16. Na3 Nf6 17. Nc4 Qd7 {1-0 (34) Anand,V (2775)-Ivanchuk,V (2757) Leuven 2017}) 13. f5 Nd7 $146 ({Predecessor:} 13... exd5 14. exd5 Ncxd5 15. Nxd5 Nxd5 16. fxg6 hxg6 17. Bxg6 fxg6 18. Qxd5+ Kh7 19. Bf4 Bxb2 20. Re1 Be5 21. Bxe5 dxe5 22. Qxd8 {½-½ (22) Adam,C (2196)-Baumgartner,M (2214) ICCF email 2011}) 14. Qf1 Re8 (14... Qe7 $11) 15. Rg3 {dxe6 is the strong threat.} Ne5 16. Bg5 Qd7 17. f6 Bh8 (17... Nxd3 $14 18. Rxd3 (18. fxg7 Nb4 $11) 18... Bf8) 18. Be2 (18. Bb5 $1 $16 {[%cal Rb5d7]} Nxb5 19. axb5 (19. Qxb5 h6 $11)) 18... a6 19. Qf4 b5 20. axb5 axb5 {White should prevent ...b4.} 21. Ra7 $2 (21. dxe6 $1 $14 {keeps the upper hand.} Nxe6 22. Qd2) 21... Nxd5 $1 $17 22. Nxd5 (22. exd5 $142 Qxa7 23. Bxb5) 22... Qxa7 23. Ne7+ {[#]} Rxe7 $1 24. fxe7 {Threatens to win with Bxb5!} Qd7 25. Ra3 Bg7 26. Qf1 c4 27. Qa1 {and if Ra8 works, White does fine.} Qe8 28. Ra7 {[#]} (28. Ra6 $142) 28... Nc6 $1 $19 {[%cal Rc6a7]} 29. Rc7 Ra8 30. Qg1 (30. Qc1 $142) 30... Bd4 31. Qd1 {[#] aiming for Rxc6!} Be5 $1 32. c3 {[#]} (32. Bf3 {keeps fighting.}) 32... h6 $1 {[%mdl 512]} 33. Bxh6 Nxe7 34. Bg5 Nc6 35. g4 $2 (35. Qf1) 35... Qb8 36. Rxc6 {Black must now prevent Kg2.} Qb7 37. Rxd6 Bxd6 38. Bf3 Be5 39. Kg2 b4 40. Bf6 Qc7 41. Qe2 bxc3 42. bxc3 Bxf6 43. e5 Rd8 44. exf6 Qf4 45. Qe4 Rd2+ 46. Kf1 Qxf6 {Precision: White = 37%, Black = 65%.} 0-1

[Event "2nd Sharjah Masters 2018"]
[Site "Sharjah"]
[Date "2018.04.13"]
[Round "2"]
[White "El Jawich, Amro"]
[Black "Narayanan S L"]
[Result "0-1"]
[WhiteElo "2254"]
[BlackElo "2568"]
[Annotator "TA"]
[PlyCount "90"]
[EventDate "2018.??.??"]
[EventType "swiss"]
[EventCountry "UAE"]
[SourceTitle "playchess.com"]
[Source "ChessBase"]
[SourceQuality "1"]

{[%evp 21,90,-2,0,0,0,0,0,0,0,0,0,0,0,0,0,0,0,-11,-9,-9,-6,-12,0,-1,0,0,0,0,10,0,9,0,0,0,10,12,9,15,24,19,106,61,102,76,102,102,106,106,106,101,90,104,74,-26,-21,-72,-8,-8,-8,-264,-227,-1403,-1391,-1114,-998,-4148,-4133,-29949,-29940,-6187,-5897]} 1. e4 e5 2. Nf3 Nc6 3. d4 exd4 4. c3 d5 5. exd5 Qxd5 6. cxd4 Bg4 7. Be2 O-O-O 8. Nc3 Qd7 9. O-O Bxf3 10. Bxf3 Nxd4 11. Be3 Nf6 12. Bxd4 {C44: Ponziani Opening and Scotch Gambit} Qxd4 13. Qb3 Qb4 (13... Qb6 14. Qxf7 {½-½ (14) Kenworthy,G (2269)-Horner,J (2354) Blackpool 2003}) 14. Qxf7 {The position is equal.} Rd7 15. Qe6 Bd6 16. Ne4 Re8 17. Nxd6+ Qxd6 18. Qb3 Qb6 19. Qxb6 $146 (19. Qc3 {looks sharper.} g5 20. Rfe1 Red8 21. Rad1 Rxd1 22. Rxd1 Rxd1+ 23. Bxd1 Kb8 24. Bf3) ({Predecessor:} 19. Qc3 a6 {½-½ (31) Fabig,H (2012)-Langer,R (2084) GER email 2014}) 19... axb6 20. Rfd1 c6 21. Kf1 Rf7 22. Re1 Ref8 23. Re5 Kc7 24. Rae1 Kd6 25. Bd1 Rd7 26. Bc2 b5 27. h3 Ra8 28. a3 $36 {[%mdl 2048] White has some pressure.} Rf8 29. g3 g6 30. Kg2 c5 (30... Kc7 $11) 31. f4 b6 32. Rd1+ Kc7 33. Rxd7+ Kxd7 $16 {[%mdl 4096] Endgame KRB-KRN} 34. Bd3 c4 35. Be2 Re8 36. Rxe8 Nxe8 {KB-KN} 37. a4 (37. Kf3 $16) 37... bxa4 $11 {aiming for ...c3!} 38. Bxc4 {[#]} Nd6 (38... Kc6 $1 $17) 39. Bg8 $1 Ke7 40. g4 $2 {[%mdl 8192] [#]} ({Not} 40. Bxh7 $2 Kf7 $19) (40. Kf2 $11 {and White is okay.}) 40... b5 $1 $19 {[%cal Bb6b5,Bb5b4][%mdl 32] Strongly threatening ...Nc4.} 41. Bd5 $2 ({But not} 41. Bxh7 Kf7 $19) (41. Kf1 Nc4 42. Ke2 Nxb2 43. Kd2) 41... Nc4 42. Kf3 Nxb2 43. Ke2 Nc4 44. Be4 a3 45. Bb1 b4 {Precision: White = 52%, Black = 53%.} 0-1

[Event "2nd Sharjah Masters 2018"]
[Site "Sharjah"]
[Date "2018.04.13"]
[Round "2"]
[White "Mohannad, Farhan"]
[Black "Abdusattorov, Nodirbek"]
[Result "0-1"]
[WhiteElo "2219"]
[BlackElo "2540"]
[Annotator "TA"]
[PlyCount "94"]
[EventDate "2018.??.??"]
[EventType "swiss"]
[EventCountry "UAE"]
[SourceTitle "playchess.com"]
[Source "ChessBase"]
[SourceQuality "1"]

{[%evp 17,94,24,14,12,26,19,29,27,12,11,16,3,31,12,6,11,17,11,36,31,42,23,47,16,30,0,28,0,0,0,13,0,0,0,0,0,13,13,72,-7,0,-21,0,0,0,0,7,11,15,0,0,0,56,0,57,0,36,-110,-104,-95,-96,-270,-271,-271,-270,-267,-269,-261,-281,-605,-596,-643,-623,-2058,-1474,-4782,-4541,-1534,-764]} 1. d4 Nf6 2. c4 e6 3. Nf3 Bb4+ 4. Bd2 a5 5. g3 b6 6. Bg2 Bb7 7. O-O O-O 8. Nc3 Ne4 9. Nxe4 {E16: Queen's Indian: 4 g3 Bb7 5 Bg2 Bb4+} Bxe4 {LiveBook: 8 Games} 10. Rc1 Na6 $146 ({Predecessor:} 10... Bxd2 11. Qxd2 d6 12. Qe3 Bb7 13. Qd3 Nc6 14. Rfd1 {0-1 (28) Deac,B (2566)-Ivanchuk,V (2729) Medias 2017}) 11. a3 {White has an edge.} Be7 12. Ne5 Bxg2 13. Kxg2 Bf6 14. Nf3 Qc8 15. Bg5 Bxg5 16. Nxg5 Qb7+ 17. Kg1 f5 (17... h6 {feels hotter.} 18. Nf3 d6 19. Qc2 Nb8 20. e4 Nd7) 18. Nf3 (18. Qb3 {keeps more tension.} h6 19. Nh3 c5 20. e3 Kh7 21. f3) 18... d6 19. Rb1 Nb8 20. b4 Nd7 21. Qb3 Nf6 22. Rfc1 axb4 23. axb4 Rfe8 24. Ra1 Qe4 25. Qb2 h6 26. b5 Nd7 27. Ra6 e5 (27... f4 $11) 28. Rca1 (28. dxe5 $16 dxe5 29. Rd1) 28... Rac8 $11 29. R6a3 Qg4 30. Rd1 e4 31. Ne1 {[%cal Bf3e1,Be1g2,Bg2e3,Be3d5][%mdl 32]} Nf8 32. Ng2 Ne6 33. Ne3 Qh5 34. Nd5 Kh8 (34... f4 $11) 35. Kg2 (35. Qd2 $14) 35... Rf8 (35... f4 $11) 36. Qc2 (36. f4 $1 $14) 36... Rce8 37. Re3 (37. f4 $14 {stays ahead.}) 37... f4 $17 38. Rxe4 {[#] Hoping for Qd3.} f3+ $1 ({Reject} 38... fxg3 $6 39. hxg3 Qf5 40. f3 $11) 39. Kh1 $2 {[#]} (39. Kg1 $17 {was the only chance.} Qh3 40. exf3) 39... Nxd4 $1 $19 {[%mdl 512]} 40. Rdxd4 fxe2 41. Qxe2 Qxe2 42. Rxe2 Rxe2 43. Rf4 $2 (43. Nf4 Re1+ 44. Kg2) 43... Rxf4 {Black is clearly winning.} 44. gxf4 Rxf2 45. Nxc7 Rxf4 {KR-KN} 46. Nd5 Rxc4 47. Nxb6 Rc5 {Precision: White = 24%, Black = 43%.} 0-1

[Event "2nd Sharjah Masters 2018"]
[Site "Sharjah"]
[Date "2018.04.13"]
[Round "2"]
[White "Poormosavi, Seyed Kian"]
[Black "Vishnu Prasanna  V"]
[Result "0-1"]
[WhiteElo "2218"]
[BlackElo "2510"]
[Annotator "TA"]
[PlyCount "62"]
[EventDate "2018.??.??"]
[EventType "swiss"]
[EventCountry "UAE"]
[SourceTitle "playchess.com"]
[Source "ChessBase"]
[SourceQuality "1"]

{[%evp 17,62,0,0,2,0,-22,0,-23,-24,-40,-28,-50,-47,-115,-117,-207,-141,-201,-196,-204,-144,-272,-288,-311,-301,-302,-298,-293,-292,-640,-643,-641,-633,-619,-628,-5610,-665,-633,-619,-613,-609,-611,-593,-1749,-770,-1779,-1635]} 1. e4 c6 2. Nf3 d5 3. Nc3 dxe4 4. Nxe4 Nf6 5. Nxf6+ exf6 6. d4 Bd6 7. Bd3 O-O 8. O-O Bg4 9. h3 Bh5 {LiveBook: 18 Games. B15: Caro-Kann: 3 Nc3: 3...g6 and 3...dxe4 4 Nxe4 Nf6 5 Nxf6+ exf6} 10. c4 (10. Be4 Re8 11. Qd3 Bg6 12. Bxg6 hxg6 13. Bd2 Nd7 {½-½ (13) Ghaem Maghami,E (2574)-Berkes,F (2648) Rasht 2017}) 10... Re8 11. b3 Nd7 {[%cal Bb8d7,Bd7f8,Bf8e6][%mdl 32] The position is equal.} 12. Bb2 Nf8 $146 ({Predecessor:} 12... Qc7 13. Bf5 Nf8 14. g4 Bg6 15. Nh4 Bxf5 16. Nxf5 Bf4 17. Qf3 {½-½ (80) Krysztofiak,M (2140)-Tarachowicz,A (2030) Warsaw 1997}) 13. g4 Bg6 14. Nh4 Ne6 15. Ng2 (15. Re1 $15) 15... Bc7 16. f4 (16. Bf5 $17 {keeps fighting.}) 16... Bb6 17. f5 (17. Kh1 $17 Bxd3 18. Qxd3) 17... Bxd4+ $19 18. Bxd4 Qxd4+ 19. Kh2 {[#]} (19. Rf2 $17 {is the only way for White.} Rad8 20. Bc2) 19... Rad8 $1 20. Rf3 {intending Qf1.} Nc5 21. Nf4 Nxd3 22. Nxd3 Re3 23. fxg6 $2 (23. Rc1 Rxd3 24. Rxd3 Qxd3 25. Qxd3 Rxd3 26. Rg1) 23... Rxf3 {Black is clearly winning.} ({Not} 23... Rxd3 24. Rxd3 Qxd3 25. Qxd3 $17) 24. Qxf3 {Threatens to win with gxf7+.} Qxa1 25. gxf7+ Kxf7 {[%mdl 4096] Endgame KQR-KQN} 26. a4 Qd4 (26... Qc3 $142 27. Kh1 Rxd3) 27. Nf2 Qe5+ 28. Kg2 Rd2 29. h4 a5 30. h5 Qd4 (30... Qc5 $142 31. Qg3 Ke6) 31. Kg3 {[#]} Qxf2+ $1 {Precision: White = 13%, Black = 78%.} 0-1

[Event "2nd Sharjah Masters 2018"]
[Site "Sharjah"]
[Date "2018.04.13"]
[Round "2"]
[White "Nyazi, Nehad"]
[Black "Mohammed Ahmed said Al Amri"]
[Result "1-0"]
[WhiteElo "2213"]
[BlackElo "1822"]
[Annotator "NA"]
[PlyCount "61"]
[EventDate "2018.??.??"]
[EventType "swiss"]
[EventCountry "UAE"]
[SourceTitle "playchess.com"]
[Source "ChessBase"]
[SourceQuality "1"]
[TimeControl "5400+30"]

1. d4 {[%emt 0:00:00]} Nf6 {[%emt 0:00:15]} 2. Nf3 {[%emt 0:00:00]} e6 {[%emt 0:00:17]} 3. e3 {[%emt 0:00:08]} d5 {[%emt 0:00:14]} 4. Bd3 {[%emt 0:00:06]} Be7 {[%emt 0:00:34]} 5. O-O {[%emt 0:00:10]} O-O {[%emt 0:00:18]} 6. Nbd2 {[%emt 0:00:06]} Nbd7 {[%emt 0:00:07]} 7. Qe2 {[%emt 0:01:31]} c5 {[%emt 0:01:10]} 8. c3 {[%emt 0:00:08]} b6 {[%emt 0:00:44]} 9. e4 {[%emt 0:00:08]} dxe4 {[%emt 0:00:52]} 10. Nxe4 {[%emt 0:00:08]} Bb7 {[%emt 0:00:29]} 11. Rd1 {[%emt 0:07:25]} Qc7 {[%emt 0:04:12]} 12. Bg5 {[%emt 0:05:07]} Rfe8 {[%emt 0:04:27]} 13. dxc5 {[%emt 0:16:49]} Nxc5 {[%emt 0:03:02]} 14. Nxc5 {[%emt 0:02:53]} Bxc5 {[%emt 0:06:52]} 15. Ne5 {[%emt 0:19:16]} Be7 {[%emt 0:08:26]} 16. Rd2 {[%emt 0:17:04]} Rad8 {[%emt 0:00:36]} 17. Rad1 {[%emt 0:00:01]} Rd5 {[%emt 0:06:54]} 18. f4 {[%emt 0:03:07]} Red8 {[%emt 0:03:18]} 19. c4 {[%emt 0:05:35]} Rd4 {[%emt 0:01:00]} 20. Bxf6 {[%emt 0:01:48]} Bxf6 {[%emt 0:25:23]} 21. Bxh7+ {[%emt 0:00:19]} Kxh7 {[%emt 0:00:54]} 22. Rxd4 {[%emt 0:00:06]} Rxd4 {[%emt 0:02:13]} 23. Rxd4 {[%emt 0:00:09]} Bc8 {[%emt 0:03:26]} 24. b4 {[%emt 0:02:42]} g6 {[%emt 0:00:23]} 25. Qe4 {[%emt 0:04:05]} Bb7 {[%emt 0:01:23]} 26. Rd7 {[%emt 0:02:49]} Bxe5 {[%emt 0:09:50]} 27. Rxc7 {[%emt 0:00:22]} Bxe4 {[%emt 0:00:13]} 28. fxe5 {[%emt 0:00:09]} Kg7 {[%emt 0:00:36]} 29. Rxa7 {[%emt 0:00:08]} Bd3 {[%emt 0:00:10]} 30. c5 {[%emt 0:00:07]} bxc5 {[%emt 0:00:05]} 31. bxc5 {[%emt 0:00:13]} 1-0

[Event "2nd Sharjah Masters 2018"]
[Site "Sharjah"]
[Date "2018.04.13"]
[Round "2"]
[White "Ma, Lin"]
[Black "Dixit, Nikhil"]
[Result "1/2-1/2"]
[WhiteElo "2156"]
[BlackElo "2285"]
[Annotator "NA"]
[PlyCount "49"]
[EventDate "2018.??.??"]
[EventType "swiss"]
[EventCountry "UAE"]
[SourceTitle "playchess.com"]
[Source "ChessBase"]
[SourceQuality "1"]
[TimeControl "5400+30"]

1. Nf3 {[%emt 0:00:00]} Nf6 {[%emt 0:00:38]} 2. g3 {[%emt 0:00:00]} g6 {[%emt 0:00:11]} 3. Bg2 {[%emt 0:00:00]} Bg7 {[%emt 0:00:04]} 4. O-O {[%emt 0:00:06]} O-O {[%emt 0:00:03]} 5. c4 {[%emt 0:00:04]} d6 {[%emt 0:00:13]} 6. d4 {[%emt 0:00:05]} Nc6 {[%emt 0:00:32]} 7. Nc3 {[%emt 0:00:37]} a6 {[%emt 0:01:12]} 8. h3 {[%emt 0:01:01]} Bd7 {[%emt 0:09:55]} 9. e4 {[%emt 0:04:29]} e5 {[%emt 0:09:41]} 10. Be3 {[%emt 0:08:41]} Qc8 {[%emt 0:11:33]} 11. Kh2 {[%emt 0:10:43]} Re8 {[%emt 0:12:01]} 12. dxe5 {[%emt 0:00:50]} dxe5 {[%emt 0:03:11]} 13. Qc2 {[%emt 0:01:54]} Na5 {[%emt 0:14:31]} 14. c5 {[%emt 0:13:41]} b6 {[%emt 0:10:01]} 15. Nd2 {[%emt 0:08:04]} bxc5 {[%emt 0:04:26]} 16. Bxc5 {[%emt 0:03:08]} Nc6 {[%emt 0:02:36]} 17. Nb3 {[%emt 0:14:17]} a5 {[%emt 0:02:06]} 18. Be3 {[%emt 0:05:17]} a4 {[%emt 0:05:09]} 19. Nc5 {[%emt 0:00:09]} Nd4 {[%emt 0:00:26]} 20. Bxd4 {[%emt 0:20:38]} exd4 {[%emt 0:00:22]} 21. N3xa4 {[%emt 0:00:06]} Bb5 {[%emt 0:06:41]} 22. Rfe1 {[%emt 0:04:41]} Nd7 {[%emt 0:01:49]} 23. Bf1 {[%emt 0:02:22]} Bc6 {[%emt 0:02:29]} 24. Rad1 {[%emt 0:00:22]} Nxc5 {[%emt 0:01:11]} 25. Nxc5 {[%emt 0:00:26]} 1/2-1/2